Statistics for Guess the last Kdrama the actor has done

Click here to take the quiz!

General Stats

  • This quiz has been taken 268 times
  • The average score is 3 of 16

Answer Stats

Answer% Correct
What's Wrong with Secretary Kim
54%
Suspicious Partner
45%
While You Were Sleeping
41%
Uncontrollably Fond
36%
Encounter/Boyfriend
35%
The Bride of Habaek
21%
Something in the Rain/Pretty Noona Who Buys Me Food
17%
Strong Girl Bong-soon
14%
Memories of the Alhambra
12%
Suits
12%
The smile has left your eyes/Hundred Million Stars From the Sky
11%
Tomorrow With You
9%
100 Days My Prince
6%
The Last Empress
6%
Ms. Hammurabi
5%
The Third Charm
4%

Score Distribution

Percentile by Number Answered

Percent of People with Each Score

Your Score History

You have not taken this quiz